| 000 | 01150nam a22001217a 4500 | ||
|---|---|---|---|
| 008 | 160502b xxu||||| |||| 00| 0 eng d | ||
| 100 | _aScandinavian Philatelic Foundation | ||
| 245 | _aPost offices in Finland, 1638-1985 | ||
| 260 |
_aThousand Oaks, CA _bScandinavian Philatelic Foundation _c1989 |
||
| 500 | _3"Introductory section translated from Finnish into English by permission of the Philatelic Federation of Finland, Helsinki (Suomen Filatelistiliitto). Originally published in 1988, as No. 9 in a series, by the Philatelic Federation of Finland, titled as Suomen postitoimipaikat 1638-1985."--t.p. Translation made possible through a grant from the Scandinavian Philatelic Foundation. Introductory section was based on a research paper by Kalle Vaarmas, and it stresses the development of postal markings in Finland. This publication does not include the tables listing Finland's post offices alphabetically along with such information as county of location and dates of establishment and closing that are found in the original work in Finnish. | ||
| 650 | _aFinland | Postal Markings | Postal History | Post Offices | ||
| 700 | _aHvidonov, Anneli | ||
| 999 |
_c1942 _d1942 |
||